书目信息 |
| 题名: |
AI处理器硬件架构设计
|
|
| 作者: | 任子木 , 李东声 编著 | |
| 分册: | ||
| 出版信息: | 北京 机械工业出版社 2025.04 |
|
| 页数: | 14, 291页 | |
| 开本: | 24cm | |
| 丛书名: | “芯”科技前沿技术丛书 | |
| 单 册: | ||
| 中图分类: | TP18 , TP332 | |
| 科图分类: | ||
| 主题词: | 人工智能--ren gong zhi neng--微处理器--系统设计 | |
| 电子资源: | ||
| ISBN: | 978-7-111-77830-1 | |
| 000 | 01496nam 2200313 450 | |
| 001 | 91867 | |
| 005 | 20250817151407.14 | |
| 010 | @a978-7-111-77830-1@dCNY129.00 | |
| 100 | @a20250417d2025 em y0chiy50 ea | |
| 101 | 0 | @achi |
| 102 | @aCN@b110000 | |
| 105 | @aa a 000yy | |
| 106 | @ar | |
| 200 | 1 | @aAI处理器硬件架构设计@AAI chu li qi ying jian jia gou she ji@f任子木, 李东声编著 |
| 210 | @a北京@c机械工业出版社@d2025.04 | |
| 215 | @a14, 291页@c图@d24cm | |
| 225 | 2 | @a“芯”科技前沿技术丛书@A“ xin ” ke ji qian yan ji shu cong shu |
| 300 | @a机工IT | |
| 314 | @a任子木, 处理器架构高级工程师, 主导多款高性能推理/训练处理器和数字信号处理器架构与核心模块设计。谙熟业界主流高性能处理器指令集架构, 带领团队设计的芯片广泛应用于相机、无人机和服务器中。李东声, 处理器架构师, 专注于ARM/RISC-V架构高性能处理器设计、性能分析优化、架构演进探索与关键技术研究。 | |
| 320 | @a有书目 (第290-291页) | |
| 330 | @a本书主要内容包括: 业界主流AI处理器架构及基础背景知识 (第1章) ; AI处理器指令集设计与硬件架构总体设计 (第2、3章) ; 核心计算单元, 即向量处理单元、矩阵处理单元、标量处理单元的微架构设计实现 (第4-6章) ; 数据搬运单元与存储系统设计 (第7、8章) ; AI处理器设计实例剖析 (第9章) 。 | |
| 410 | 0 | @12001 @a“芯”科技前沿技术丛书 |
| 606 | 0 | @a人工智能@Aren gong zhi neng@x微处理器@x系统设计 |
| 690 | @aTP18@v5 | |
| 690 | @aTP332@v5 | |
| 701 | 0 | @a任子木@Aren zi mu@4编著 |
| 701 | 0 | @a李东声@Ali dong sheng@4编著 |
| 801 | 0 | @aCN@c20250909 |
| 905 | @a河南城建学院图书馆@dTP18@eR584@f1 | |
| AI处理器硬件架构设计/任子木, 李东声编著.-北京:机械工业出版社,2025.04 |
| 14, 291页:图;24cm.-(“芯”科技前沿技术丛书) |
| 机工IT |
| ISBN 978-7-111-77830-1:CNY129.00 |
| 本书主要内容包括: 业界主流AI处理器架构及基础背景知识 (第1章) ; AI处理器指令集设计与硬件架构总体设计 (第2、3章) ; 核心计算单元, 即向量处理单元、矩阵处理单元、标量处理单元的微架构设计实现 (第4-6章) ; 数据搬运单元与存储系统设计 (第7、8章) ; AI处理器设计实例剖析 (第9章) 。 |
| ● |
| 相关链接 |
|
|
|
正题名:AI处理器硬件架构设计
索取号:TP18/R584
 
预约/预借
| 序号 | 登录号 | 条形码 | 馆藏地/架位号 | 状态 | 备注 |
| 1 | 1625831 | 216258314 | 自科库301/301自科库 102排3列1层/ [索取号:TP18/R584] | 在馆 |